00253nam a2200109 4500082001200000100001800012245004100030250001200071260002600083300000900109650002500118 a543 ARN aArnow,L.Earle aIntroduction to laboratory Chemistry a7th ed. aNew YorkbMosbyc1966 a112p achemistryachemical